Aspectos jurídicos del capitalismo moderno

Uloženo v:
Podrobná bibliografie
Hlavní autor: Ripert, Georges (auteur)
Médium: Kniha
Jazyk:španělština
Vydáno: Buenos Aires Bosch 1950
Témata:
Tagy: Přidat tag
Žádné tagy, Buďte první, kdo vytvoří štítek k tomuto záznamu!

MARC

LEADER 00000nam a2200000 a 4500
001 UCT8726
003 CL-VaPUC
008 970326e19500000AG |||||||||||||||||spa|d
082 0 4 |a 330.122  |b RIP  |2 21 
100 |a Ripert, Georges  |e auteur  |9 380693 
245 1 0 |a Aspectos jurídicos del capitalismo moderno 
300 |a 379 p 
942 |c BK 
945 |d 19970326 00:00:00  |a paguirre 
260 |a Buenos Aires  |b Bosch  |c 1950 
650 0 |a Capitalismo  |9 255255 
650 0 |a Teorías económicas  |9 270968 
650 0 |a Derecho económico   |9 259197 
650 0 |a Democracia  |9 255256 
650 0 |a Acciones  |9 334173 
650 7 |a MERCADO FINANCIERO  |2 CL-VaPUC  |9 320731 
650 0 |a Riqueza  |9 256853 
650 0 |a Liberalismo  |9 255715 
650 0 |a Empresas   |9 255569 
583 |a last modification  |c 19970326 00:00:00  |k Rodrigo Vera 
999 |c 257212  |d 257210 
952 |0 0  |1 0  |4 0  |6 330_122000000000000_RIP_1950  |7 0  |8 A  |9 280493  |a BIBDER  |b BIBDER  |d 2019-11-19  |i 1815857  |l 1  |m 4  |o 330.122 RIP 1950  |p 1815857  |q 2025-12-31  |r 2020-03-13  |s 2020-03-13  |w 2019-11-19  |y BK  |k DER